000 00255nam a22001217a 4500
008 180606b xxu||||| |||| 00| 0 eng d
041 _aeng
080 _a043.3
100 _a0
101 _aARK-BA
245 _aVile Sezonale
_cThaqi, D
942 _2udc
_cBK
999 _c46451
_d46451